सुमि का स्पेसः (दयानंद पांडेय का नया सशक्त कहानी संग्रह) / (Record no. 12175)

MARC details
000 -LEADER
fixed length control field 01179 a2200229 4500
005 - DATE AND TIME OF LATEST TRANSACTION
control field 20080828094754.0
008 - FIXED-LENGTH DATA ELEMENTS--GENERAL INFORMATION
fixed length control field 080828t xxu||||| |||| 00| 0 hin d
010 ## - LIBRARY OF CONGRESS CONTROL NUMBER
LC control number HIN-83334
020 ## - INTERNATIONAL STANDARD BOOK NUMBER
Terms of availability 200.00
035 ## - SYSTEM CONTROL NUMBER
System control number HN-55680
037 ## - SOURCE OF ACQUISITION
Source of stock number/acquisition DBAD / PUB
082 ## - DEWEY DECIMAL CLASSIFICATION NUMBER
Classification number
100 ## - MAIN ENTRY--PERSONAL NAME
Personal name पांडेय, दयानंद
245 ## - TITLE STATEMENT
Title सुमि का स्पेसः (दयानंद पांडेय का नया सशक्त कहानी संग्रह) /
Statement of responsibility, etc दयानंद पांडेय
246 ## - VARYING FORM OF TITLE
Title proper/short title Sumi ka space
Remainder of title by Dayanand Pandey
260 ## - PUBLICATION, DISTRIBUTION, ETC. (IMPRINT)
Place of publication, distribution, etc दिल्ली
Name of publisher, distributor, etc जनवाणी प्रकाशन
Date of publication, distribution, etc 2006
270 ## - ADDRESS
Address 30/35-36, गली नं9, विश्वास नगर
City दिल्ली
Postal code 110032
300 ## - PHYSICAL DESCRIPTION
Extent 200पृ
Dimensions 22 सेमी (सजिल्द)
500 ## - GENERAL NOTE
General note समान ISBN 8186409939 शीर्षक धूप का टुकड़ा
942 ## - ADDED ENTRY ELEMENTS (KOHA)
Institution code [OBSOLETE] dpl
Koha item type Hindi Books
Call number prefix क / पांडेय
Source of classification or shelving scheme Dewey Decimal Classification
Classification part
Call number suffix पांडेय
Holdings
Withdrawn status Lost status Damaged status Not for loan Home library Current library Date acquired Cost, normal purchase price Total Checkouts Full call number Barcode Date last seen Copy number Uniform Resource Identifier Cost, replacement price Price effective from Koha item type
        D.B.Act.Division D.B.Act.Division   200.00   क पांडेय HN-55680 15/09/2008 1 13339 200.00 15/09/2008 Hindi Books

© Delhi Public Library
Hit Counter
free hit counter